As a Man Thinketh/ (Record no. 212912)

MARC details
000 -LEADER
fixed length control field 00516nam a2200193 4500
005 - DATE AND TIME OF LATEST TRANSACTION
control field 20250806152038.0
010 ## - LCCN (DPL NO)
LC control number ENG-146403
020 ## - INTERNATIONAL STANDARD BOOK NUMBER
International Standard Book Number 9789349042636
Terms of availability 99.00
035 ## - SYSTEM CONTROL NUMBER
System control number EN-129935
037 ## - SOURCE OF ACQUISITION
Source of stock number/acquisition DBAD
082 ## - DEWEY DECIMAL CLASSIFICATION NUMBER
Classification number 155.2
100 ## - MAIN ENTRY--PERSONAL NAME
Personal name Allen, James
245 ## - TITLE STATEMENT
Title As a Man Thinketh/
Statement of responsibility, etc James Allen
250 ## - EDITION STATEMENT
Edition statement 1
260 ## - PUBLICATION, DISTRIBUTION, ETC. (IMPRINT)
Place of publication, distribution, etc Chandigarh
Name of publisher, distributor, etc The Browser
Date of publication, distribution, etc 2025
270 ## - ADDRESS
Address SCO-14,15, Sector 8-C
City Chandigarh
Postal code 160009
300 ## - PHYSICAL DESCRIPTION
Extent 30p.
Dimensions 20cm(pb)
942 ## - ADDED ENTRY ELEMENTS (KOHA)
Source of classification or shelving scheme Dewey Decimal Classification
Item type English Books
Classification part 155.2
Call number suffix ALL
Holdings
Withdrawn status Lost status Not for loan Collection code Home library Current library Date acquired Source of acquisition Cost, normal purchase price Full call number Barcode Copy number Cost, replacement price Koha item type
      Non-fiction Sarojini Nagar Sarojini Nagar 06/08/2025 Delivery of Books Act Division 99.00 155.2 ALL EN-129935 1 99.00 English Books

© Delhi Public Library
Hit Counter
free hit counter